| 000 | 00864nam a22002417a 4500 | ||
|---|---|---|---|
| 003 | UA-OsUOA | ||
| 001 | 61067 | ||
| 007 | ta | ||
| 008 | 20090615b un ||||| |||| 00| 0 ukr d | ||
| 100 | _aВільшанська О. | ||
| 090 |
_a94(477)"18/19" _bВ55 |
||
| 942 | _cBK | ||
| 040 |
_aUA-OsUOA _bukr _cUA-OsUOA _dUA-OsUOA |
||
| 245 | _aПовсякденне життя міст України кін. ХІХ - ХХ ст.: європейські впливи та українські національні особливості | ||
| 300 | _a172 с. | ||
| 955 | _a2 | ||
| 041 | _aukr | ||
| 080 | _a94(477)"18/19" | ||
| 020 | _a978-966-02-4694-2 | ||
| 260 |
_aК. _bІнститут історії України НАН України _c2009 |
||
| 650 | 7 |
_a9 Географія. Біографії. Історія _2UDC |
|
| 999 |
_c347553 _d347553 |
||